000 00326nam a2200145Ia 4500
008 230312s9999||||xx |||||||||||||| ||und||
020 _a1-906672-90-4
082 _a779
_bSMI-F
100 _aSmith;Jody
245 0 _aFaces In Places
260 _bWork ae
_auk
_c2010
300 _a175
650 _aArchitecture
942 _cBK
999 _c12092
_d12092